| 000 | 00492nam a2200157Ia 4500 | ||
|---|---|---|---|
| 008 | 180921t xxu||||| ||||o00| 0 eng d | ||
| 041 | _aeng | ||
| 080 | _aVol.1 1707 - 1879 | ||
| 245 | _aordinance : No.3 of 1871. An ordinance For Regilating Measures Used In Saies of Gas. | ||
| 300 | _ap.638-641, 23 cm | ||
| 500 | _a* Repealed By No.7 Of 1887, Itself Repealed By No. 6 Of 1910.-Edd. | ||
| 650 |
_aOrdinance _aGas |
||
| 942 | _cBK | ||
| 999 |
_c49236 _d49236 |
||
| 003 | LK-CoDNM | ||
| 040 |
_aLK-CoDNM _dLK-CoDNM _eLK-CoDNM |
||